[Event "Cappelle Online Blitz op"]
[Site "Europe Echecs INT"]
[Date "2021.03.07"]
[Round "9"]
[White "Morata, Jules"]
[Black "Maillard, Xavier"]
[Result "1-0"]
[WhiteElo "1568"]
[BlackElo "1063"]
[PlyCount "81"]
[EventDate "2021.03.07"]
[EventType "swiss (blitz)"]
[EventRounds "11"]
[EventCountry "FRA"]
[SourceTitle "CBM 201 Extra"]
[Source "ChessBase"]
[SourceDate "2021.05.31"]
[SourceVersion "1"]
[SourceVersionDate "2021.05.31"]
[SourceQuality "1"]

1. e4 Nf6 2. Nc3 d5 3. e5 Nfd7 4. d4 c5 5. Be3 Nc6 6. Nf3 e6 7. Bb5 Be7 8. 0-0 0-0 9. Qe2 a6 10. Bxc6 bxc6 11. Nd1 a5 12. c3 Ba6 13. Qe1 Bxf1 14. Qxf1 c4 15. g3 Qb6 16. Qh3 Rab8 17. Ng5 Bxg5 18. Bxg5 Rfe8 19. Qg4 Nf8 20. h4 a4 21. a3 Qb3 22. h5 Qc2 23. h6 Qf5 24. Qxf5 exf5 25. hxg7 Kxg7 26. Bf6+ Kg6 27. Ne3 Nd7 28. Bh4 Rxb2 29. g4 fxg4 30. Nxg4 h5 31. Ne3 f6 32. Kh2 fxe5 33. Rg1+ Kh6 34. Nf5+ Kh7 35. Rg7+ Kh8 36. Rxd7 Rxf2+ 37. Bxf2 e4 38. Bh4 e3 39. Bf6+ Kg8 40. Nh6+ Kf8 41. Bg7# 1-0

[Event "Cappelle Online Rapid op"]
[Site "Europe Echecs INT"]
[Date "2021.03.06"]
[Round "7"]
[White "Morata, Jules"]
[Black "Allard Nedellec, Guilhem"]
[Result "0-1"]
[WhiteElo "1568"]
[BlackElo "1777"]
[PlyCount "84"]
[EventDate "2021.03.06"]
[EventType "swiss (rapid)"]
[EventRounds "9"]
[EventCountry "FRA"]
[SourceTitle "CBM 201 Extra"]
[Source "ChessBase"]
[SourceDate "2021.05.31"]
[SourceVersion "1"]
[SourceVersionDate "2021.05.31"]
[SourceQuality "1"]

1. e4 e6 2. Nf3 d5 3. e5 c5 4. b4 cxb4 5. a3 bxa3 6. Bxa3 Bxa3 7. Nxa3 Nc6 8. Nb5 Nge7 9. Nd6+ Kf8 10. d4 Ng6 11. h4 h5 12. Ng5 Qb6 13. c3 Ncxe5 14. dxe5 Nxe5 15. Nxc8 Rxc8 16. Qd4 Qxd4 17. cxd4 Nc6 18. Nf3 Ke7 19. Bb5 a6 20. Bxc6 Rxc6 21. 0-0 f6 22. Rfc1 Rhc8 23. Rcb1 R8c7 24. Rb2 Kd6 25. Rab1 Rc1+ 26. Rxc1 Rxc1+ 27. Kh2 Kc6 28. Nd2 b5 29. Nb3 Rd1 30. Nc5 a5 31. Nxe6 b4 32. Ra2 Kb6 33. Nxg7 Rxd4 34. Nf5 Rd1 35. Ne3 Rd3 36. g4 b3 37. Rb2 a4 38. g5 fxg5 39. hxg5 a3 40. Nc4+ dxc4 41. g6 axb2 42. g7 Rd8 0-1

[Event "Cappelle Online Bullet op"]
[Site "Europe Echecs INT"]
[Date "2021.03.05"]
[Round "11"]
[White "Ballester, Alexandre"]
[Black "Morata, Jules"]
[Result "1-0"]
[WhiteElo "2099"]
[BlackElo "1568"]
[PlyCount "101"]
[EventDate "2021.03.05"]
[EventType "swiss (blitz)"]
[EventRounds "15"]
[EventCountry "FRA"]
[SourceTitle "EXT 2022"]
[Source "ChessBase"]
[SourceDate "2021.10.06"]
[SourceVersion "1"]
[SourceVersionDate "2021.10.06"]
[SourceQuality "1"]

1. e4 d5 2. exd5 Qxd5 3. Nc3 Qa5 4. d4 Nf6 5. Bd2 c6 6. Bc4 Bg4 7. Qe2 Bxe2 8. Ngxe2 e6 9. Bd3 Nbd7 10. 0-0 Qc7 11. h3 Bd6 12. Rad1 h6 13. Rfe1 g5 14. g4 h5 15. Bxg5 hxg4 16. h4 0-0-0 17. Ne4 Rdg8 18. Nxf6 Nxf6 19. Bxf6 Rh7 20. Bxh7 Rf8 21. Rd3 g3 22. Nxg3 Bxg3 23. Rxg3 Qd6 24. Be5 Qd7 25. c4 b6 26. b4 Kb7 27. a4 a6 28. a5 b5 29. cxb5 cxb5 30. Rc1 Rc8 31. Rgc3 Rxc3 32. Rxc3 Qd8 33. Be4+ Ka7 34. Rc7+ Qxc7 35. Bxc7 f5 36. Bb6+ Kb8 37. h5 fxe4 38. h6 e3 39. fxe3 e5 40. dxe5 Kc8 41. h7 Kd7 42. h8Q Kc6 43. Qf6+ Kd5 44. Qd6+ Kc4 45. Qd4+ Kb3 46. e6 Ka4 47. e7 Ka3 48. e8Q Ka4 49. Qc6 Ka3 50. Qcc3+ Ka4 51. Qd1# 1-0

[Event "Cappelle Online Bullet op"]
[Site "Europe Echecs INT"]
[Date "2021.03.05"]
[Round "10"]
[White "Morata, Jules"]
[Black "Roumegous, Adrien"]
[Result "1-0"]
[WhiteElo "1568"]
[BlackElo "1330"]
[PlyCount "49"]
[EventDate "2021.03.05"]
[EventType "swiss (blitz)"]
[EventRounds "15"]
[EventCountry "FRA"]
[SourceTitle "EXT 2022"]
[Source "ChessBase"]
[SourceDate "2021.10.06"]
[SourceVersion "1"]
[SourceVersionDate "2021.10.06"]
[SourceQuality "1"]

1. e4 e5 2. Nc3 Nc6 3. Bc4 Nf6 4. d3 Bc5 5. f4 exf4 6. Bxf4 0-0 7. Nf3 Re8 8. Na4 Be7 9. 0-0 a6 10. Nc3 d6 11. Ng5 h6 12. Nxf7 Qd7 13. Ne5+ Qe6 14. Bxe6+ Bxe6 15. Qf3 dxe5 16. Bxe5 Nxe5 17. Qf2 Neg4 18. Qe2 Bd6 19. h3 Nh2 20. e5 Nxf1 21. Kxf1 Bd5 22. Nxd5 Rxe5 23. Nxf6+ gxf6 24. Qg4+ Rg5 25. Qd7 1-0

[Event "Cappelle Online Bullet op"]
[Site "Europe Echecs INT"]
[Date "2021.03.05"]
[Round "13"]
[White "Randrianarimanana, Alicia"]
[Black "Morata, Jules"]
[Result "1-0"]
[WhiteElo "1971"]
[BlackElo "1568"]
[PlyCount "69"]
[EventDate "2021.03.05"]
[EventType "swiss (blitz)"]
[EventRounds "15"]
[EventCountry "FRA"]
[SourceTitle "EXT 2022"]
[Source "ChessBase"]
[SourceDate "2021.10.06"]
[SourceVersion "1"]
[SourceVersionDate "2021.10.06"]
[SourceQuality "1"]

1. d4 f5 2. e3 Nf6 3. c4 g6 4. g3 Bg7 5. Bg2 0-0 6. Nf3 d6 7. d5 Qe8 8. 0-0 c6 9. Nc3 b5 10. cxb5 cxd5 11. Nxd5 Nxd5 12. Qxd5+ Kh8 13. Qxa8 Nd7 14. Qxa7 Nc5 15. Rb1 e5 16. b4 Nd3 17. Rd1 e4 18. Nd4 Qe5 19. Bf1 Nxc1 20. Rdxc1 Qf6 21. Rc7 Qg5 22. Bg2 Rg8 23. Rbc1 h5 24. Rxc8 h4 25. Rxg8+ Kxg8 26. Rc7 Qf6 27. b6 hxg3 28. hxg3 Qf8 29. b7 Kh7 30. b8Q Qxb8 31. Qxb8 Kh6 32. Qb7 Bxd4 33. Rh7+ Kg5 34. exd4 Kf6 35. Qe7# 1-0

[Event "Europe Echecs Blitz Nov op"]
[Site "Europe Echecs INT"]
[Date "2020.11.08"]
[Round "1"]
[White "Morata, Jules"]
[Black "Eden, James"]
[Result "0-1"]
[WhiteElo "1568"]
[BlackElo "2323"]
[PlyCount "60"]
[EventDate "2020.11.08"]
[EventType "swiss (blitz)"]
[EventRounds "11"]
[EventCountry "FRA"]
[SourceTitle "CBM 199 Extra"]
[Source "ChessBase"]
[SourceDate "2021.01.31"]
[SourceVersion "1"]
[SourceVersionDate "2021.01.31"]
[SourceQuality "1"]

1. e4 e5 2. Nc3 Nf6 3. Bc4 Bc5 4. d3 Nc6 5. f4 d6 6. Nf3 Bg4 7. h3 Bxf3 8. Qxf3 Nd4 9. Qd1 c6 10. fxe5 dxe5 11. Ne2 Nh5 12. h4 b5 13. Bb3 Nxb3 14. axb3 Qf6 15. d4 exd4 16. Bg5 Qe5 17. Qd3 h6 18. Bd2 0-0 19. 0-0-0 a5 20. g4 Nf6 21. Bf4 Qxe4 22. Qxe4 Nxe4 23. Nxd4 Nf2 24. Nxc6 Nxh1 25. Rxh1 a4 26. bxa4 Rxa4 27. Kd2 Rxf4 28. Re1 Rxg4 29. Ne5 Rxh4 30. Nd7 Rd8 0-1